000
00238 a2200085 4500
082
_a
625.85 ASP
245
_a
Pocket Book for Useful Information/
_c
Asphalt Institute
260
_a
USA :
_b
Asphalt institute,
_c
2005
300
_a
x, 118p. :
_b
ill. ;
_c
15 cm
650
_a
Asphalt
999
_c
1544
_d
1544